00310nam a2200121Ia 450000500170000000800410001708200130005824500160007125000100008726000320009750000320012970000270016120250325041022.0240331s9999 xx 000 0 und d bMANa894 0aManimehalai a4th  aMadrasbPaari Achakamc1960 amahimahalai- Tamil Kappiyam aVenkatasami N.M. eedt